[Event "DFMM-LV"]
[Site "Braunfels"]
[Date "2013.05.31"]
[Round "3.1"]
[White "Kiefhaber, Veronika"]
[Black "Jeske, Kirsten"]
[Result "1-0"]
[WhiteElo "2211"]
[BlackElo "1987"]
[PlyCount "79"]
[EventDate "2013.05.30"]
[EventType "team-swiss"]
[EventCountry "GER"]
[WhiteTeam "Baden"]
[BlackTeam "Mecklenburg Vorpommern"]
[WhiteTeamCountry "GER"]
[BlackTeamCountry "GER"]

1. e4 e5 2. Bc4 Nc6 3. d3 Be7 4. Nc3 Nf6 5. f4 exf4 6. Bxf4 d6 7. Nf3 Bg4 8. h3
Bh5 9. Qd2 Bxf3 10. gxf3 Nh5 11. Be3 Bh4+ 12. Kd1 Ne5 13. Qg2 Nxc4 14. dxc4 Qd7
15. Qg4 Bf6 16. Qxh5 Bxc3 17. bxc3 O-O-O 18. Rb1 b6 19. Qb5 c5 20. a4 f5 21.
exf5 Qxb5 22. cxb5 Rhf8 23. Rg1 Rd7 24. f4 Rxf5 25. Rg5 Rdf7 26. Ke2 g6 27. c4
R5f6 28. Kd3 Re6 29. Rgg1 Rf5 30. Rg5 Rf7 31. Rbg1 a5 32. h4 Rd7 33. h5 gxh5
34. Rxh5 Kc7 35. Rg8 Ree7 36. Rd5 Rg7 37. Rxg7 Rxg7 38. f5 Rf7 39. Bf4 Rd7 40.
f6 1-0

[Event "DFMM-LV"]
[Site "Braunfels"]
[Date "2013.05.31"]
[Round "3.2"]
[White "Wulf, Constanze"]
[Black "Rubina, Tatiana"]
[Result "0-1"]
[WhiteElo "1675"]
[BlackElo "1980"]
[PlyCount "56"]
[EventDate "2013.05.30"]
[EventType "team-swiss"]
[EventCountry "GER"]
[WhiteTeam "Mecklenburg Vorpommern"]
[BlackTeam "Baden"]
[WhiteTeamCountry "GER"]
[BlackTeamCountry "GER"]

1. d4 d5 2. c4 e6 3. Nc3 Nf6 4. cxd5 exd5 5. Bg5 c6 6. e3 Bd6 7. Bd3 Nbd7 8.
Nge2 O-O 9. Qc2 Be7 10. O-O Re8 11. Rae1 Nf8 12. f3 Be6 13. Kh1 Ng6 14. e4 dxe4
15. fxe4 Qa5 16. Be3 Ng4 17. Bg1 Qg5 18. Ng3 Nf4 19. Nce2 Nxd3 20. Qxd3 Rad8
21. Nf4 Bd6 22. Nxe6 Rxe6 23. Rf5 Qg6 24. Qf3 Nh6 25. Ra5 Bb4 26. Rxa7 Bxe1 27.
Rxb7 Bxg3 28. hxg3 Qxe4 0-1

[Event "DFMM-LV"]
[Site "Braunfels"]
[Date "2013.05.31"]
[Round "3.3"]
[White "Vollstaedt Klein, Sabine"]
[Black "Morosova, Svetlana"]
[Result "0-1"]
[WhiteElo "1902"]
[BlackElo "1652"]
[PlyCount "124"]
[EventDate "2013.05.30"]
[EventType "team-swiss"]
[EventCountry "GER"]
[WhiteTeam "Baden"]
[BlackTeam "Mecklenburg Vorpommern"]
[WhiteTeamCountry "GER"]
[BlackTeamCountry "GER"]

1. e4 c5 2. Nc3 Nc6 3. g3 g6 4. Bg2 Bg7 5. Nge2 e6 6. O-O d6 7. d3 Nge7 8. Be3
O-O 9. Qd2 a6 10. Nd1 Qc7 11. c3 b6 12. d4 Bb7 13. f4 f5 14. Nf2 Rad8 15. d5
exd5 16. exd5 Na5 17. b3 b5 18. Rac1 Rfe8 19. Nh3 h6 20. Kh1 Ba8 21. Nhg1 Kh7
22. h3 Ng8 23. c4 b4 24. g4 fxg4 25. hxg4 Qe7 26. Rf3 Nf6 27. g5 Ng4 28. Bf2
Nxf2+ 29. Rxf2 Qe3 30. Qxe3 Rxe3 31. Bh3 hxg5 32. Rh2 gxf4 33. Be6+ Bh6 34. Nh3
Kg7 35. Nhxf4 Rf8 36. Nh3 Rxe2 37. Rxe2 Bxc1 38. Bg4 Rf6 39. Nf2 g5 40. Bc8 Bf4
41. Bxa6 Rf7 42. Bc8 Be5 43. Ng4 Bf4 44. Kg2 Bb7 45. Be6 Re7 46. Kf3 Ba8 47.
Rg2 Nb7 48. Bf5 Nd8 49. Rg1 Nf7 50. Rh1 Ne5+ 51. Nxe5 Bxe5 52. Kg4 Bf4 53. Rh7+
Kf6 54. Rh6+ Ke5 55. Bc8 Kd4 56. Rh8 Ra7 57. a4 bxa3 58. Bf5 a2 59. Rh3 a1=Q
60. Bc2 Qg1+ 61. Kf5 Rf7+ 62. Ke6 Qg4+ 0-1

[Event "DFMM-LV"]
[Site "Braunfels"]
[Date "2013.05.31"]
[Round "3.4"]
[White "Klinge, Sabina"]
[Black "Schneider, Birgit"]
[Result "1/2-1/2"]
[WhiteElo "1595"]
[BlackElo "2044"]
[PlyCount "62"]
[EventDate "2013.05.30"]
[EventType "team-swiss"]
[EventCountry "GER"]
[WhiteTeam "Mecklenburg Vorpommern"]
[BlackTeam "Baden"]
[WhiteTeamCountry "GER"]
[BlackTeamCountry "GER"]

1. e4 c5 2. Nf3 Nc6 3. d4 cxd4 4. Nxd4 g6 5. Nc3 Bg7 6. Be3 Nf6 7. Be2 O-O 8.
O-O d5 9. exd5 Nb4 10. Nb3 Nbxd5 11. Nxd5 Nxd5 12. Bd4 Nb6 13. Bf3 Qc7 14. Bxg7
Kxg7 15. Qe2 e5 16. Rfe1 Re8 17. Qb5 Bd7 18. Qc5 Rac8 19. Qxc7 Rxc7 20. c3 Nc4
21. Re2 b6 22. Rd1 Be6 23. g3 Ree7 24. Kf1 Red7 25. Rxd7 Rxd7 26. Ke1 Kf6 27.
Bc6 Rd6 28. Bf3 Ke7 29. Nc1 f6 30. b3 Na5 31. Re3 Bd5 1/2-1/2

[Event "DFMM-LV"]
[Site "Braunfels"]
[Date "2013.05.31"]
[Round "3.5"]
[White "Wiesner, Paula"]
[Black "Klinge, Alexandra"]
[Result "1-0"]
[WhiteElo "1831"]
[BlackElo "1568"]
[PlyCount "47"]
[EventDate "2013.05.30"]
[EventType "team-swiss"]
[EventCountry "GER"]
[WhiteTeam "Baden"]
[BlackTeam "Mecklenburg Vorpommern"]
[WhiteTeamCountry "GER"]
[BlackTeamCountry "GER"]

1. d4 Nf6 2. c4 e6 3. Nc3 d5 4. cxd5 exd5 5. Bg5 Be7 6. e3 O-O 7. Qc2 Nbd7 8.
Bd3 c6 9. Nge2 Re8 10. O-O Nf8 11. f3 h6 12. Bh4 Ne6 13. Rad1 b6 14. Kh1 Bb7
15. e4 dxe4 16. fxe4 Qc8 17. Qd2 Ba6 18. Bc2 Qb7 19. Bxf6 Bxf6 20. Rxf6 Qe7 21.
Rf2 Rad8 22. Qe3 Nc7 23. Bb3 Bb7 24. Bxf7+ 1-0

[Event "DFMM-LV"]
[Site "Braunfels"]
[Date "2013.05.31"]
[Round "3.6"]
[White "Sadewasser, Lucie"]
[Black "Franzenburg, Maria"]
[Result "0-1"]
[WhiteElo "1513"]
[BlackElo "1900"]
[PlyCount "52"]
[EventDate "2013.05.30"]
[EventType "team-swiss"]
[EventCountry "GER"]
[WhiteTeam "Mecklenburg Vorpommern"]
[BlackTeam "Baden"]
[WhiteTeamCountry "GER"]
[BlackTeamCountry "GER"]

1. e4 e6 2. d4 d5 3. exd5 exd5 4. Bd3 c5 5. c3 Nf6 6. Bg5 Be6 7. Nf3 Bd6 8.
Nbd2 O-O 9. Qc2 h6 10. Bh4 Nc6 11. Nf1 Rc8 12. dxc5 Bxc5 13. Ng3 Nd4 14. Nxd4
Bxd4 15. O-O-O Qb6 16. Bxf6 Bxf6 17. Nh5 Be7 18. Bf5 d4 19. Bxe6 fxe6 20. Qg6
Bf6 21. Rd3 dxc3 22. bxc3 Rxc3+ 23. Rxc3 Bxc3 24. Qc2 Be5 25. Re1 Rxf2 26. Qc8+
Kh7 0-1

[Event "DFMM-LV"]
[Site "Braunfels"]
[Date "2013.05.31"]
[Round "3.7"]
[White "Weis, Olga"]
[Black "Schuenemann, Anne"]
[Result "1-0"]
[WhiteElo "1676"]
[BlackElo "1356"]
[PlyCount "113"]
[EventDate "2013.05.30"]
[EventType "team-swiss"]
[EventCountry "GER"]
[WhiteTeam "Baden"]
[BlackTeam "Mecklenburg Vorpommern"]
[WhiteTeamCountry "GER"]
[BlackTeamCountry "GER"]

1. e4 c6 2. d4 d5 3. exd5 cxd5 4. Nf3 Nf6 5. Nc3 Bg4 6. Be2 Nc6 7. O-O e6 8.
Rb1 a6 9. Bf4 Be7 10. a3 O-O 11. Ne5 Bxe2 12. Nxe2 Rc8 13. Ng3 Bd6 14. Re1 Re8
15. c3 h6 16. Nh5 b5 17. Qf3 Bf8 18. Be3 Nxe5 19. dxe5 Nxh5 20. Qxh5 g6 21. Qh3
h5 22. Qg3 Be7 23. Rbd1 Rc4 24. Bd4 Bh4 25. Qh3 Bg5 26. Rd3 Rf8 27. Rf1 f6 28.
Qxe6+ Kg7 29. exf6+ Bxf6 30. Bxf6+ Rxf6 31. Qxd5 Qxd5 32. Rxd5 Rfc6 33. Rfd1
Rc7 34. Rd7+ Rxd7 35. Rxd7+ Kh6 36. Rd6 a5 37. Rb6 Rc5 38. f3 Kg5 39. Kf2 Kf5
40. g3 a4 41. Rd6 Re5 42. Rd8 Re6 43. Rd5+ Re5 44. Rxe5+ Kxe5 45. Ke3 g5 46.
f4+ gxf4+ 47. gxf4+ Kd5 48. Kd3 h4 49. h3 Kd6 50. Kd4 Kc6 51. Ke5 Kd7 52. f5
Ke7 53. f6+ Kf7 54. Kf5 Kf8 55. Kg5 Kf7 56. Kxh4 Kxf6 57. Kg4 1-0

[Event "DFMM-LV"]
[Site "Braunfels"]
[Date "2013.05.31"]
[Round "3.1"]
[White "Jussupow, Nadia"]
[Black "Vovk, Oksana"]
[Result "0-1"]
[WhiteElo "2173"]
[BlackElo "2133"]
[PlyCount "112"]
[EventDate "2013.05.30"]
[EventType "team-swiss"]
[EventCountry "GER"]
[WhiteTeam "Bayern"]
[BlackTeam "Nordrhein Westfalen"]
[WhiteTeamCountry "GER"]
[BlackTeamCountry "GER"]

1. e4 e6 2. d4 d5 3. Nc3 Nf6 4. e5 Nfd7 5. f4 c5 6. Nf3 Nc6 7. Be3 cxd4 8. Nxd4
Bc5 9. Qd2 O-O 10. O-O-O a6 11. Qf2 Bxd4 12. Bxd4 b5 13. Bd3 b4 14. Ne2 a5 15.
Bc5 Re8 16. Bb5 Bb7 17. Rd3 Qc8 18. Bd6 Ba6 19. Bxa6 Qxa6 20. Nd4 Rac8 21. Kb1
Nxd4 22. Rxd4 Rc6 23. f5 exf5 24. Qxf5 Qe2 25. Rf4 Nf6 26. Rc1 Qh5 27. Rcf1
Qxf5 28. Rxf5 Ne4 29. Rd1 Rec8 30. a3 Rxc2 31. axb4 Nd2+ 32. Ka1 Nb3+ 33. Ka2
a4 34. Ka3 d4 35. Kxa4 Nd2 36. b3 d3 37. Bc5 Rb8 38. b5 Ne4 39. Bd4 d2 40. Kb4
Rd8 41. Be3 Rd3 42. Rf3 Nc3 43. Bxd2 Nd5+ 44. Ka3 Rdxd2 45. Rxd2 Rxd2 46. Rf1
Kf8 47. e6 f6 48. Rc1 Ke7 49. Rc6 Rxg2 50. b6 Ra2+ 51. Kxa2 Nb4+ 52. Ka3 Nxc6
53. Ka4 Kxe6 54. Kb5 Kd7 55. Kc5 f5 56. b4 Nxb4 0-1

[Event "DFMM-LV"]
[Site "Braunfels"]
[Date "2013.05.31"]
[Round "3.2"]
[White "Zhang, Fan"]
[Black "Stangl, Anita"]
[Result "0-1"]
[WhiteElo "2089"]
[BlackElo "2126"]
[PlyCount "128"]
[EventDate "2013.05.30"]
[EventType "team-swiss"]
[EventCountry "GER"]
[WhiteTeam "Nordrhein Westfalen"]
[BlackTeam "Bayern"]
[WhiteTeamCountry "GER"]
[BlackTeamCountry "GER"]

1. d4 e6 2. Nf3 d5 3. Bf4 c5 4. c3 Nc6 5. e3 Nf6 6. Nbd2 Nh5 7. Bg5 f6 8. Bh4
g6 9. Be2 Ng7 10. Bd3 g5 11. Bg3 g4 12. Nh4 e5 13. dxc5 Bxc5 14. Qc2 e4 15. Bb5
Be7 16. h3 Nh5 17. O-O-O Nxg3 18. fxg3 Qb6 19. Qb3 a6 20. Ba4 Qc5 21. Bxc6+
bxc6 22. Qa4 O-O 23. Rdf1 f5 24. hxg4 fxg4 25. Rxf8+ Bxf8 26. Rf1 Bh6 27. Nf5
Bxf5 28. Rxf5 Qxe3 29. Qd1 Qxg3 30. Qh1 Qe3 31. Qd1 Kh8 32. Rf6 Qg5 33. Rxh6
Qxh6 34. Qxg4 Rg8 35. Qe2 Qh1+ 36. Kc2 Rxg2 37. Qxa6 Qh6 38. Qc8+ Rg8 39. Qf5
Qg5 40. Qe6 e3 41. Nf1 Qg2+ 42. Kb3 Rb8+ 43. Ka4 Ra8+ 44. Kb3 Rb8+ 45. Ka4 Qe4+
46. Qxe4 dxe4 47. Nxe3 Rxb2 48. Ka3 Re2 49. Nc4 Re1 50. Kb2 Re2+ 51. Kb3 e3 52.
a4 Re1 53. Kc2 e2 54. Kd2 Ra1 55. Kxe2 Rxa4 56. Kd3 Rxc4 57. Kxc4 h5 58. Kc5 h4
59. Kxc6 h3 60. c4 h2 61. c5 h1=Q+ 62. Kc7 Qh7+ 63. Kb6 Qd7 64. c6 Qc8 0-1

[Event "DFMM-LV"]
[Site "Braunfels"]
[Date "2013.05.31"]
[Round "3.3"]
[White "Ankerst, Milka"]
[Black "Rudolph, Anna"]
[Result "0-1"]
[WhiteElo "2084"]
[BlackElo "2250"]
[PlyCount "134"]
[EventDate "2013.05.30"]
[EventType "team-swiss"]
[EventCountry "GER"]
[WhiteTeam "Bayern"]
[BlackTeam "Nordrhein Westfalen"]
[WhiteTeamCountry "GER"]
[BlackTeamCountry "GER"]

1. e4 Nf6 2. e5 Nd5 3. c4 Nb6 4. d4 d6 5. exd6 exd6 6. Nc3 Nc6 7. Be3 Be7 8.
Be2 Bf5 9. Nf3 O-O 10. O-O Bf6 11. Rc1 Re8 12. b3 d5 13. c5 Nc8 14. Qd2 h6 15.
h3 N8e7 16. Bf4 Be4 17. Nb5 Rc8 18. Be3 Nf5 19. Ne5 Nfxd4 20. Nxc6 Nxc6 21. Bg4
Ra8 22. Bf4 Ne5 23. Bxe5 Bxe5 24. f4 Bf6 25. c6 b6 26. Nd4 Bxd4+ 27. Qxd4 f5
28. Bh5 Re6 29. Rc3 Qf6 30. Qxf6 Rxf6 31. Rd1 Rd8 32. Rd4 g6 33. Be2 Rdd6 34.
Bb5 a6 35. Bxa6 Rxc6 36. Rxc6 Rxc6 37. Rd2 Kf7 38. Kf2 Rc2 39. Rxc2 Bxc2 40.
Ke3 c5 41. Be2 Ke6 42. g3 Kd6 43. Bb5 Bb1 44. a3 Bc2 45. b4 d4+ 46. Kd2 Bb3 47.
Be8 Be6 48. Kd3 Kd5 49. Bb5 g5 50. Bc4+ Kd6 51. Ba6 gxf4 52. gxf4 Bd5 53. h4
Bg2 54. Bc8 Be4+ 55. Ke2 c4 56. Ba6 c3 57. Bc4 d3+ 58. Ke3 d2 59. Bb3 d1=Q 60.
Bxd1 c2 61. Bxc2 Bxc2 62. Kd4 Ba4 63. Kc4 b5+ 64. Kd4 Bd1 65. Ke3 Kd5 66. Kd2
Bh5 67. Kd3 Be8 0-1

[Event "DFMM-LV"]
[Site "Braunfels"]
[Date "2013.05.31"]
[Round "3.4"]
[White "Freitag, Julia"]
[Black "Vidonyak, Nellya"]
[Result "1-0"]
[WhiteElo "2144"]
[BlackElo "2124"]
[PlyCount "107"]
[EventDate "2013.05.30"]
[EventType "team-swiss"]
[EventCountry "GER"]
[WhiteTeam "Nordrhein Westfalen"]
[BlackTeam "Bayern"]
[WhiteTeamCountry "GER"]
[BlackTeamCountry "GER"]

1. d4 b5 2. e3 Bb7 3. f4 g6 4. Nf3 a6 5. Bd3 Nf6 6. c3 Bg7 7. Nbd2 c5 8. O-O d6
9. a4 b4 10. cxb4 Nd5 11. Nb3 cxd4 12. Nbxd4 Nxb4 13. Qb3 Bxf3 14. Qxb4 Nc6 15.
Nxc6 Bxc6 16. Bd2 O-O 17. Bc3 a5 18. Qc4 Qb6 19. Rfe1 d5 20. Qa2 d4 21. exd4
Bxd4+ 22. Kh1 e6 23. Bxd4 Qxd4 24. Qc4 Qb6 25. Qc3 Rfd8 26. Bc4 Rac8 27. b3 Qb7
28. Ra2 Qe7 29. Qxa5 Qh4 30. Qe5 Bd5 31. Bxd5 Rxd5 32. Qe2 Rd3 33. Qe4 Rcd8 34.
Rf1 R3d4 35. Qe2 Qe7 36. a5 Qb4 37. a6 Re4 38. Qc2 Rxf4 39. Raa1 Qd4 40. Rfd1
Qf6 41. Rxd8+ Qxd8 42. a7 Qa8 43. Qc7 Rb4 44. Rd1 Rxb3 45. Kg1 Kg7 46. Rf1 Qe8
47. a8=Q Qxa8 48. Rxf7+ Kh6 49. Qf4+ g5 50. Qf6+ Kh5 51. Rxh7+ Kg4 52. h3+ Rxh3
53. gxh3+ Kg3 54. Qf2# 1-0

[Event "DFMM-LV"]
[Site "Braunfels"]
[Date "2013.05.31"]
[Round "3.5"]
[White "Dirmeier, Carolin"]
[Black "Henrichs, Wenke"]
[Result "1/2-1/2"]
[WhiteElo "2030"]
[BlackElo "2047"]
[PlyCount "140"]
[EventDate "2013.05.30"]
[EventType "team-swiss"]
[EventCountry "GER"]
[WhiteTeam "Bayern"]
[BlackTeam "Nordrhein Westfalen"]
[WhiteTeamCountry "GER"]
[BlackTeamCountry "GER"]

1. e4 e6 2. d4 d5 3. exd5 exd5 4. Nf3 Nc6 5. Bb5 Bd6 6. c4 Nf6 7. Nc3 O-O 8.
cxd5 Ne7 9. Bg5 Ng6 10. O-O h6 11. Be3 Nf4 12. Bc4 a6 13. Ne5 Ng6 14. f4 Ne7
15. a4 Bb4 16. Qf3 Bxc3 17. bxc3 Nexd5 18. Bd2 Qd6 19. Bd3 c5 20. c4 Nb4 21. d5
Nxd3 22. Qxd3 Rb8 23. a5 b5 24. axb6 Rxb6 25. Ba5 Rb7 26. Rab1 Rxb1 27. Rxb1
Nd7 28. g3 Nxe5 29. fxe5 Qxe5 30. d6 Bf5 31. Qd2 Bxb1 32. d7 Bf5 33. d8=Q Rxd8
34. Qxd8+ Kh7 35. Qd2 Qe4 36. Qf2 Be6 37. Qxc5 Bxc4 38. Qf2 Bd5 39. Kf1 Qb1+
40. Be1 Qb5+ 41. Kg1 Qd3 42. h4 Qe4 43. Kf1 g5 44. hxg5 hxg5 45. Qh2+ Kg6 46.
Qf2 Qf5 47. Qxf5+ Kxf5 48. Ba5 Ke4 49. Ke2 Bc4+ 50. Kd2 Kf3 51. Bc7 a5 52. Kc3
Bb5 53. Kb2 a4 54. Bd6 f5 55. Bc7 Bd7 56. Bd6 Be6 57. Bc7 f4 58. gxf4 g4 59. f5
Bxf5 60. Bd6 Ke4 61. Bc7 Kf3 62. Bd6 g3 63. Bxg3 Kxg3 64. Ka1 Kf3 65. Kb2 Ke3
66. Ka1 Kd3 67. Kb2 Be6 68. Ka1 a3 69. Kb1 Kc3 70. Ka1 Bf5 1/2-1/2

[Event "DFMM-LV"]
[Site "Braunfels"]
[Date "2013.05.31"]
[Round "3.6"]
[White "Nattermueller, Irina"]
[Black "Woniak, Katarzyna"]
[Result "0-1"]
[WhiteElo "2115"]
[BlackElo "1962"]
[PlyCount "128"]
[EventDate "2013.05.30"]
[EventType "team-swiss"]
[EventCountry "GER"]
[WhiteTeam "Nordrhein Westfalen"]
[BlackTeam "Bayern"]
[WhiteTeamCountry "GER"]
[BlackTeamCountry "GER"]

1. e4 d6 2. d4 g6 3. Nf3 Bg7 4. Bc4 Nf6 5. Qe2 O-O 6. O-O c6 7. Nc3 d5 8. exd5
cxd5 9. Bd3 Bg4 10. h3 Bxf3 11. Qxf3 Nc6 12. Ne2 Nb4 13. Bf4 Nxd3 14. Qxd3 Rc8
15. c3 Ne4 16. f3 Nd6 17. Rfe1 e6 18. Nc1 Nc4 19. Qe2 Qh4 20. Nd3 b5 21. b3 Nb6
22. Qd2 a5 23. Bg5 Qg3 24. f4 b4 25. cxb4 Bxd4+ 26. Kh1 Bc3 27. Qe2 Kg7 28. Rf1
h6 29. Be7 Rfe8 30. Rf3 Qxf3 31. Qxf3 Bxa1 32. Bd6 axb4 33. Nxb4 Rc1+ 34. Kh2
Rec8 35. Nd3 R1c2 36. a4 Bd4 37. Be5+ Bxe5 38. fxe5 Nd7 39. b4 Rd2 40. Qe3 Rcc2
41. Ne1 d4 42. Qf4 Ra2 43. a5 d3 44. Qd4 Nf8 45. Qg4 Nd7 46. Qg3 Ra3 47. Nf3
Re2 48. Qf4 Raa2 49. Nh4 Nxe5 50. Qd4 Kh7 51. Kg3 g5 52. a6 gxh4+ 53. Kxh4 Rxa6
54. b5 Raa2 55. Kh5 Rab2 56. b6 Rb5 57. Kh4 d2 58. Qd8 Rb1 59. b7 Rxb7 60. Kh5
Rb1 61. Qf6 d1=Q 62. Qxh6+ Kg8 63. g4 Ng6 64. h4 Re5+ 0-1

[Event "DFMM-LV"]
[Site "Braunfels"]
[Date "2013.05.31"]
[Round "3.7"]
[White "Niedermaier, Barbara"]
[Black "Vogel, Heike"]
[Result "0-1"]
[WhiteElo "1960"]
[BlackElo "2126"]
[PlyCount "88"]
[EventDate "2013.05.30"]
[EventType "team-swiss"]
[EventCountry "GER"]
[WhiteTeam "Bayern"]
[BlackTeam "Nordrhein Westfalen"]
[WhiteTeamCountry "GER"]
[BlackTeamCountry "GER"]

1. e4 d5 2. exd5 Nf6 3. d4 Nxd5 4. c4 Nb6 5. Nc3 e5 6. dxe5 Qxd1+ 7. Nxd1 Nc6
8. Nf3 Bg4 9. Be2 O-O-O 10. Bf4 Bb4+ 11. Nc3 Na4 12. O-O Bxc3 13. bxc3 Nxc3 14.
Rfe1 Nxe2+ 15. Rxe2 Bxf3 16. gxf3 Nd4 17. Rb2 Nxf3+ 18. Kh1 Rd4 19. Be3 Rxc4
20. Bxa7 Re8 21. Kg2 Nh4+ 22. Kf1 Rxe5 23. Rab1 b6 24. Bxb6 cxb6 25. Rxb6 Rec5
26. Rb8+ Kd7 27. R1b7+ Rc7 28. Rb5 Rc1+ 29. Ke2 R1c2+ 30. Kd3 Rxa2 31. Rb4 Ra3+
32. Ke4 f5+ 33. Kf4 Rf3+ 34. Kg5 Ng6 35. Rd4+ Ke7 36. Rb5 Rxf2 37. h4 Nf8 38.
Rd1 Ne6+ 39. Kh5 Nf4+ 40. Kg5 Ne6+ 41. Kh5 Rf4 42. Rd7+ Kf6 43. Rf7+ Kxf7 44.
Rb4 g6+ 0-1

[Event "DFMM-LV"]
[Site "Braunfels"]
[Date "2013.05.31"]
[Round "3.8"]
[White "Roitburd, Swetlana"]
[Black "Lorenz, Oda"]
[Result "0-1"]
[WhiteElo "1765"]
[BlackElo "1867"]
[PlyCount "96"]
[EventDate "2013.05.30"]
[EventType "team-swiss"]
[EventCountry "GER"]
[WhiteTeam "Nordrhein Westfalen"]
[BlackTeam "Bayern"]
[WhiteTeamCountry "GER"]
[BlackTeamCountry "GER"]

1. e4 e5 2. Nf3 Nc6 3. Bb5 Nf6 4. d3 a6 5. Ba4 b5 6. Bb3 Bc5 7. Bg5 h6 8. Bh4
Be7 9. O-O O-O 10. h3 d6 11. Nc3 Na5 12. Re1 c5 13. Bxf6 Bxf6 14. Bd5 Bb7 15.
Bxb7 Nxb7 16. Nd5 Rc8 17. Nh2 Bg5 18. Qf3 c4 19. a4 cxd3 20. cxd3 Nc5 21. axb5
axb5 22. g3 Ne6 23. h4 Nd4 24. Qh5 g6 25. Qg4 Bd2 26. Red1 Rc2 27. h5 Qg5 28.
hxg6 Qxg4 29. gxf7+ Rxf7 30. Nxg4 Bg5 31. Ra8+ Kg7 32. Rf1 Rxb2 33. Ra6 Rd7 34.
Nge3 Bxe3 35. Nxe3 Kg6 36. Rd1 Kg5 37. Rda1 Rb3 38. R1a3 Rb1+ 39. Kg2 Rb2 40.
Ra2 Rxa2 41. Rxa2 b4 42. Nd5 b3 43. Rb2 Rb7 44. f4+ exf4 45. gxf4+ Kg4 46. f5
h5 47. Ne3+ Kf4 48. Rf2+ Kxe3 0-1

[Event "DFMM-LV"]
[Site "Braunfels"]
[Date "2013.05.31"]
[Round "3.1"]
[White "Barpiyeva, Gulsana"]
[Black "Ghader Pour, Shayesteh"]
[Result "0-1"]
[WhiteElo "2100"]
[BlackElo "2242"]
[PlyCount "98"]
[EventDate "2013.05.30"]
[EventType "team-swiss"]
[EventCountry "GER"]
[WhiteTeam "Hessen"]
[BlackTeam "Hamburg"]
[WhiteTeamCountry "GER"]
[BlackTeamCountry "GER"]

1. c4 Nf6 2. Nc3 e6 3. g3 d5 4. Bg2 dxc4 5. Qa4+ Nbd7 6. Qxc4 c5 7. Nf3 a6 8.
d3 b5 9. Qb3 Bb7 10. O-O Rc8 11. a4 b4 12. Nd1 Bd5 13. Qc2 c4 14. Ne3 cxd3 15.
Qxd3 Nc5 16. Qd1 Nb3 17. Nxd5 Nxa1 18. Nxf6+ gxf6 19. Nd4 Bc5 20. Bb7 Rc7 21.
Bc6+ Ke7 22. Bf4 Qxd4 23. Bxc7 Rc8 24. Qxa1 Rxc7 25. Bf3 Qe5 26. b3 Bd4 27. Qb1
f5 28. Qd3 Rc3 29. Qxa6 f4 30. Qb7+ Kf6 31. g4 Rxb3 32. Qc8 Rc3 33. Qd8+ Kg7
34. Rd1 Bc5 35. Rd3 Ra3 36. Qd7 b3 37. Rd1 b2 38. Rb1 Ra1 39. Qd1 Rxb1 40. Qxb1
Qd4 41. Kg2 Qxf2+ 42. Kh3 Bd4 43. a5 Qe3 44. a6 Qc1 45. Be4 h5 46. gxh5 f5 47.
Bd3 Qe3+ 48. Kg2 f3+ 49. exf3 Qf2+ 0-1

[Event "DFMM-LV"]
[Site "Braunfels"]
[Date "2013.05.31"]
[Round "3.2"]
[White "Schmidt, Jade"]
[Black "Schlein, Julia"]
[Result "1-0"]
[WhiteElo "2089"]
[BlackElo "2095"]
[PlyCount "45"]
[EventDate "2013.05.30"]
[EventType "team-swiss"]
[EventCountry "GER"]
[WhiteTeam "Hamburg"]
[BlackTeam "Hessen"]
[WhiteTeamCountry "GER"]
[BlackTeamCountry "GER"]

1. d4 Nf6 2. c4 g6 3. Nc3 Bg7 4. e4 d6 5. f3 O-O 6. Be3 e5 7. d5 c5 8. Qd2 Re8
9. Bd3 Na6 10. Nge2 Nc7 11. O-O Rb8 12. a4 a6 13. a5 Bd7 14. b4 cxb4 15. Na2 b3
16. Nac3 Na8 17. Rfb1 b6 18. axb6 Nxb6 19. Rxa6 Qc7 20. Nb5 Bxb5 21. cxb5 Nc4
22. Qc1 Rec8 23. Rc6 1-0

[Event "DFMM-LV"]
[Site "Braunfels"]
[Date "2013.05.31"]
[Round "3.3"]
[White "Bluhm, Sonja Maria"]
[Black "Zickelbein, Eva Maria"]
[Result "1-0"]
[WhiteElo "2030"]
[BlackElo "2087"]
[PlyCount "61"]
[EventDate "2013.05.30"]
[EventType "team-swiss"]
[EventCountry "GER"]
[WhiteTeam "Hessen"]
[BlackTeam "Hamburg"]
[WhiteTeamCountry "GER"]
[BlackTeamCountry "GER"]

1. e4 d6 2. d4 Nf6 3. Nc3 e5 4. Nf3 Nbd7 5. Bc4 Be7 6. O-O O-O 7. h3 c6 8. a4
Qc7 9. Bb3 exd4 10. Nxd4 Nc5 11. Re1 Nxb3 12. Nxb3 Be6 13. Nd4 a6 14. f4 Rad8
15. g4 d5 16. e5 Ne4 17. Nxe6 fxe6 18. Nxe4 dxe4 19. Qe2 Bc5+ 20. Kg2 g5 21.
Qc4 Qe7 22. f5 Rd5 23. f6 Qc7 24. Qxe4 Bd4 25. Bxg5 Bxb2 26. Bf4 Rd4 27. Qe3
Qd7 28. Rab1 Qd5+ 29. Kg3 Rb4 30. Red1 Qc4 31. Bh6 1-0

[Event "DFMM-LV"]
[Site "Braunfels"]
[Date "2013.05.31"]
[Round "3.4"]
[White "Winnicki, Alice"]
[Black "Krilova, Marina"]
[Result "1/2-1/2"]
[WhiteElo "2062"]
[BlackElo "2236"]
[PlyCount "54"]
[EventDate "2013.05.30"]
[EventType "team-swiss"]
[EventCountry "GER"]
[WhiteTeam "Hamburg"]
[BlackTeam "Hessen"]
[WhiteTeamCountry "GER"]
[BlackTeamCountry "GER"]

1. e4 c5 2. c3 d5 3. exd5 Qxd5 4. d4 e5 5. dxe5 Qxd1+ 6. Kxd1 Nc6 7. Bf4 Nge7
8. Nf3 Ng6 9. Bg3 Bg4 10. Be2 O-O-O+ 11. Nbd2 Bxf3 12. Bxf3 Ncxe5 13. Kc2 f5
14. Bxe5 Nxe5 15. Be2 g6 16. Nc4 Bg7 17. Nxe5 Bxe5 18. h3 Rhe8 19. Bb5 Re7 20.
Rad1 Rxd1 21. Rxd1 a6 22. Bf1 Kc7 23. Re1 Kd6 24. a4 Rc7 25. Bc4 Re7 26. Rd1+
Kc7 27. Re1 Kd6 1/2-1/2

[Event "DFMM-LV"]
[Site "Braunfels"]
[Date "2013.05.31"]
[Round "3.5"]
[White "Heymann Lobzhanidze, Anna Luise"]
[Black "Brandt, Carina"]
[Result "0-1"]
[WhiteElo "1988"]
[BlackElo "1834"]
[PlyCount "60"]
[EventDate "2013.05.30"]
[EventType "team-swiss"]
[EventCountry "GER"]
[WhiteTeam "Hessen"]
[BlackTeam "Hamburg"]
[WhiteTeamCountry "GER"]
[BlackTeamCountry "GER"]

1. e4 e6 2. d4 d5 3. Nc3 Bb4 4. e5 c5 5. a3 Bxc3+ 6. bxc3 Ne7 7. Nf3 Qa5 8. Bd2
Qa4 9. h4 Nbc6 10. Qb1 c4 11. h5 h6 12. Nh2 Bd7 13. Be2 O-O-O 14. Qb2 Rdf8 15.
O-O f5 16. exf6 gxf6 17. Ng4 Nf5 18. Rfb1 b6 19. Qc1 Rf7 20. Nxh6 Nxh6 21. Bxh6
Rfh7 22. Bd2 Be8 23. g4 f5 24. f3 Rg8 25. Kh2 Bxh5 26. Kg3 fxg4 27. f4 Bg6 28.
Bf1 Be4 29. Ra2 Rh1 30. Be3 Ne7 0-1

[Event "DFMM-LV"]
[Site "Braunfels"]
[Date "2013.05.31"]
[Round "3.6"]
[White "Reinkens, Natalia"]
[Black "Pralle, Katharina"]
[Result "0-1"]
[WhiteElo "1767"]
[BlackElo "1993"]
[PlyCount "100"]
[EventDate "2013.05.30"]
[EventType "team-swiss"]
[EventCountry "GER"]
[WhiteTeam "Hamburg"]
[BlackTeam "Hessen"]
[WhiteTeamCountry "GER"]
[BlackTeamCountry "GER"]

1. e4 d6 2. d4 g6 3. Nc3 Bg7 4. Be3 Nf6 5. Bc4 O-O 6. f3 Nbd7 7. Qd2 c6 8. a4
Qc7 9. Nge2 b6 10. g4 c5 11. Nb5 Qd8 12. g5 Nh5 13. Bd5 Rb8 14. Nxa7 Bb7 15.
Nc6 Bxc6 16. Bxc6 cxd4 17. Bxd4 Ne5 18. Bxe5 Bxe5 19. O-O-O Qc7 20. Bb5 Rfc8
21. c3 d5 22. Qxd5 Nf4 23. Qb3 Nxe2+ 24. Bxe2 Bxh2 25. Kb1 e6 26. Qc2 Bf4 27.
Bb5 Bxg5 28. Rd7 Qf4 29. Rhd1 Rd8 30. Rxd8+ Rxd8 31. Rxd8+ Bxd8 32. Qd3 Bg5 33.
Qd1 h5 34. Bf1 h4 35. Bh3 Qg3 36. Qf1 Kg7 37. b4 Qd6 38. Kc2 f5 39. exf5 exf5
40. Kb3 Bf6 41. Qe2 Qd5+ 42. Kb2 Qc6 43. Qe3 Qd6 44. f4 Qxb4+ 45. Kc2 Qxa4+ 46.
Kb2 b5 47. Qd2 b4 48. Kb1 bxc3 49. Qg2 Qd1+ 50. Ka2 Qd2+ 0-1